Normal view
MARC view
Entry Término temático
001 - NÚMERO DE CONTROL
- campo de control: 28890
003 - IDENTIFICADOR DEL NÚMERO DE CONTROL
- campo de control: FranzMayer
005 - FECHA Y HORA DE LA ÚLTIMA TRANSACCIÓN
- campo de control: 20230721113539.0
008 - DATOS DE LONGITUD FIJA
- campo de control de longitud fija: 230721|| aca||aabn | a|a d
040 ## - FUENTE DE LA CATALOGACIÓN
- Centro catalogador/agencia de origen: FranzMayer
- Centro/agencia transcriptor: FranzMayer
150 ## - ENCABEZAMIENTO--TÉRMINO DE MATERIA
- Término de materia o nombre geográfico como elemento de entrada: Enciclopedia
- Subdivisión de forma: Enciclopedia general
670 ## - FUENTE DE DATOS ENCONTRADOS
- Cita de la fuente: Work cat.: (FranzMayer)10896: Autor 28888 Ferraris, Lucii F., Prompta bibliotheca canonica, juridica, moralis, theologica nec non ascetica, polemica, rubricistica, historica, 1772